| 000 | 00804nam a22002057a 4500 | ||
|---|---|---|---|
| 005 | 20260109114857.0 | ||
| 008 | 211117b ||||| |||| 00| 0 eng d | ||
| 020 | _a9788195274901 | ||
| 040 | _cAL | ||
| 041 | _akan | ||
| 082 |
_a378.1K _bPRAP |
||
| 100 |
_aPrashanth Madtha _9250842 |
||
| 100 |
_921475 _dಪ್ರಶಾಂತ್ ಮಾಡ್ತ |
||
| 245 |
_aPranshupala : Aloysius College na Atmiya Katanagalu _bಪ್ರಾಂಶುಪಾಲ : ಅಲೋಶಿಯಸ್ ಕಾಲೇಜಿನ ಬಗ್ಗೆಆತ್ಮೀಯ ಕಥನಗಳು |
||
| 260 |
_aMangaluru _bSt Aloysius Prakashana _c2021 |
||
| 300 |
_a159p _bPB _c21x13 cm. |
||
| 365 |
_b₹150.00 _c₹ _d₹150.00 |
||
| 650 |
_aSt.Aloysious College ಸಂತ ಅಲೋಶಿಯಸ್ ಕಾಲೇಜು _910535 |
||
| 942 |
_2ddc _cDB |
||
| 999 |
_c220640 _d220640 |
||